Anagrammes - écrivains français - Série 01 - Statistiques

Statistiques générales
  • Ce quiz a été pris 413 fois
  • Le résultat moyen est 8 sur 10
Statistiques - réponses
Anagramme Ecrivain % Correct
BLAZAC Balzac
100%
LAZO Zola
98%
DANS Sand
96%
DIGE Gide
87%
LARMAUX Malraux
86%
IZBAN Bazin
64%
PUROTS Proust
64%
DETORDI Diderot
59%
CELETOT Colette
53%
MAURICA Mauriac
45%
Aucun quiz correspondant
Distribution des résultats
% des personnes avec chaque résultat
Percentile par nombre de réponses
Votre historique - résultats
Vous n’avez pas pris ce quiz